| 000 | 00844cam a2200301 4500500 | ||
|---|---|---|---|
| 005 | 20260405003520.0 | ||
| 041 | _afre | ||
| 042 | _adc | ||
| 100 | 1 | 0 |
_ade Oliveira, Victorine _eauthor |
| 245 | 0 | 0 | _a“L’Évolution créatrice” : l’élan vital d’Henri Bergson |
| 260 | _c2022. | ||
| 500 | _a5 | ||
| 690 | _aBergson | ||
| 690 | _aCréation | ||
| 690 | _aDurée | ||
| 690 | _aÉlan vital | ||
| 690 | _aÉvolution | ||
| 690 | _aFrédéric Worms | ||
| 690 | _aHenri Bergson | ||
| 690 | _aIntuition | ||
| 690 | _aSucre | ||
| 690 | _aTemps | ||
| 690 | _aUnivers | ||
| 690 | _aVitalisme | ||
| 690 | _aWilliam James | ||
| 786 | 0 | _nPhilosophie magazine | 159 | 5 | 2022-05-01 | p. 38-38 | 1951-1787 | |
| 856 | 4 | 1 | _uhttps://shs.cairn.info/magazine-philosophie-magazine-2022-5-page-38?lang=fr&redirect-ssocas=7080 |
| 999 |
_c2068265 _d2068265 |
||